|
|
|
|
| LEADER |
00000nas a2200000 i 4500 |
| 001 |
ssj0001508924 |
| 003 |
WaSeSS |
| 005 |
20200512172242.0 |
| 006 |
m d |
| 007 |
cr n |
| 008 |
150506c19989999bl tr p|s|||||| |0por d |
| 022 |
|
|
|a 1983-7151
|l 1415-6393
|y 1415-6393
|
| 035 |
|
|
|a (WaSeSS)ssj0001508924
|
| 040 |
|
|
|a WaSeSS
|b eng
|c WaSeSS
|d WaSeSS
|
| 050 |
|
4 |
|a G149
|
| 210 |
1 |
|
|a Tur., Visão e Ação
|b (Online)
|
| 222 |
|
0 |
|a Turismo : Visão e Ação
|b (Online)
|
| 245 |
0 |
0 |
|a Turismo - visão e ação
|h [electronic resource].
|
| 260 |
|
|
|a Balneário de Camboriú, Brazil :
|b Universidade do Vale do Itajai - UNIVALI - Programa de Pos Graduação em Turismo e Hotelaria,
|c 1998-
|
| 310 |
|
|
|a Three times a year
|
| 362 |
1 |
|
|a Began with Volume 1, Number 1 (January/June 1998).
|
| 506 |
|
|
|a License restrictions may limit access.
|
| 588 |
|
|
|a Description based on: Volume 1, Number 1 (January/June 1998); title from article pdf (ProQuest, viewed May 6, 2015).
|
| 588 |
|
|
|a Latest issue consulted: Volume 1, Number 3 (September/December 2014) (viewed May 6, 2015).
|
| 650 |
|
0 |
|a Tourism
|v Periodicals.
|
| 655 |
|
0 |
|a Electronic journals.
|
| 776 |
0 |
8 |
|i Print version:
|t Turismo - visão e ação
|x 1415-6393
|
| 856 |
4 |
0 |
|z Full text available from Research Library: 01/01/1998 to present
|u https://search.proquest.com/publication/2032135
|